00550nam a2200169 a 450000100100000000500170001000800410002704000250006808200140009310000320010724500410013926000400018030000210022004900090024195201130025099900170036300002719720200930030650.0110330s2000 dr a 000 0 spa d aDO-SdBNPbSPAcBNPHU axxbA992m1 aAzcona Aybar, David,95425710aMemorias de un estudiante cibaeño. a[Puerto Plata], :bLa Costa,c2000. a228 p. ;c21 cm. aBNPD 00107-18PDaPDbPDcOId2011-03-30iLF1l0oxx A992mp27197-10r2020-06-25w2020-06-25yLFPDZNo se presta c26689d26689